All ASOIAF Characters - Statistics

General Stats
  • This quiz has been taken 1,399 times
  • The average score is 213 of 995
Answer Stats
Group Description Character % Correct
The Starks and their Household Patriarch of the Stark family, executed on the orders of the King Eddard
98%
The Starks and their Household His youngest daughter, missing since her father's execution Arya
97%
The Starks and their Household His second son, believed murdered by the Ironborn in the Sack of Winterfell Brandon
97%
The Rhoyne His foster father, a sellsword and former Hand of the King Jon Connington
97%
The Starks and their Household His eldest son, the Young Wolf, King in the North, killed by the Freys at the Red Wedding Robb
97%
Baratheon Rebels Lyseni pirate captain, abandoned the King to resume piracy in the Stepstones Salladhor Saan
97%
The Starks and their Household His eldest daughter, missing since the Purple Wedding Sansa
97%
The Queen Across the Water Pit fighter, wears a leapoard pelt over one shoulder Spotted Cat
97%
The Starks and their Household His third son, believed murdered by the Ironborn in the Sack of Winterfell Rickon
96%
The Starks and their Household His wife, killed by the Freys at the Red Wedding Catelyn
95%
The Starks and their Household His bastard 'son', 998th Lord Commander of the Night's Watch, murdered by his brothers Jon Snow
94%
At the Wall and Beyond It Ranger at Castle Black Bearded Ben
93%
The Riverlands Orphan at the crossroads inn Ben
93%
The Queen Across the Water Sellsword captain of the Second Sons, twice turned his cloak Brown Ben Plumm
93%
The Starks and their Household His younger brother, First Ranger of the Night's Watch, missing for years Benjen
92%
Sellswords Sellsword serjeant with the Golden Company Malo Jayn
81%
The Starks and their Household The Maester at Winterfell, slain in the Sack of Winterfell Maester Luwin
79%
The Vale Her son, Lord of the Eyrie, a sickly boy Sweetrobin
79%
The Ironborn Their third son, briefly Prince of Winterfell, now servant to the Bastard of Bolton Theon
79%
The Starks and their Household Captain of the Guard after previous, killed by the Lannisters after Ned's arrest Tomard "Fat Tom"
78%
The Riverlands Singer, currently spying on the Lannister siege at Riverrun Tom of Sevenstreams
78%
Their Vassals and Bannermen His bastard son, now legitimised, a sadistic torturer Ramsay Bolton
77%
The Riverlands Her niece, current inkeep of the crossroads inn Long Jeyne Heddle
76%
At the Wall and Beyond It Steward with greasy black hair, finds the girl when searching the kingsroad for wildlings Ty
76%
Their Vassals and Bannermen His youngest son, in Winterfell to attend the wedding Roose
75%
Their Vassals and Bannermen The head of house Bolton, Warden of the North since the Red Wedding Roose Bolton
75%
The Starks and their Household Lady
74%
Dorne His second bastard daughter, heading to King's Landing Lady Nym
74%
The Starks and their Household Ghost
73%
Braavos His daughter, captain of the red archers Kojja Mo
73%
The Starks and their Household Nymeria
73%
Braavos Captain of the Cinnamon Wind Quhuru Mo
73%
Sellswords Sellsword serjeant with the Golden Company Y
73%
The Iron Throne His eldest son, king from 298-300, poisoned at his wedding feast Joffrey
72%
Sellswords Spymaster of the Golden Company Lysono Maar
72%
The Iron Throne King from 283-298, usurped the throne from the Mad King, killed by a boar Robert Baratheon
72%
The Iron Throne His second son, king from 300 to the present Tommen
72%
The Riverlands His daughter, also presented to the Young Wolf Cersei Frey
71%
The Iron Throne Lord Commander of the Kingsguard, the Kingslayer, missing a hand Jaime Lannister
71%
The Starks and their Household His daughter-in-law, Queen in the North Jeyne Westerling
71%
At the Wall and Beyond It Maester at Castle Black, over a hundred years old Maester Aemon
71%
The Iron Throne Master of Whisperers, nicknamed "The Spider", vanished Varys
71%
The Starks and their Household The Stark children's direwolves Grey Wind
70%
At the Wall and Beyond It 997th Lord Commander of the Night's Watch, killed by his own men on the Great Ranging Jeor Mormont
70%
The Starks and their Household Captain of the Guard, killed in King's Landing by the Lannisters Jory Cassel
70%
The Iron Throne His daughter, currently in Dorne with her betrothed Myrcella
70%
The Starks and their Household Summer
70%
The Iron Throne Former Hand of the King and Master of Coin, dwarf wanted for regicide Tyrion Lannister
70%
The Iron Throne His wife, Queen Regent for her two sons Cersei Lannister
69%
The Iron Throne His bastard son, a smith's apprentice with the Brotherhood without Banners Gendry
69%
The Starks and their Household His daughter, believed dead, disguised as Arya Jeyne Poole
69%
The Riverlands His third son, scarred with spots, hanged by outlaws Petyr Pimple
69%
The Starks and their Household Shaggydog
69%
At the Wall and Beyond It Steward, mutinies beyond the wall, fate unknown Orphan Oss
68%
Baratheon Rebels Brother of the King, Master of Ships, Lord of Dragonstone, Mannis Stannis Baratheon
68%
The Iron Throne Grandfather of two kings, served as Hand before being murdered on the privy Tywin Lannister
68%
The Starks and their Household Teenage greenseer, companion and guide of Bran Jojen Reed
67%
The Iron Throne Knight of the Kingsguard, the "Knight of Flowers", dying of his wounds Loras Tyrell
67%
Their Vassals and Bannermen Head of House Ryswell, Lord of the Rills, declared for the Boltons Rodrik Ryswell
67%
The Starks and their Household His sister, companion and guide of Bran Meera Reed
66%
The Starks and their Household Wildling woman captured in the wolfswood, escapes Winterfell with Rickon Osha
66%
The Riverlands Brother of the Mountain, broken at the Blackwater, believed dead Sandor Clegane
66%
The Iron Throne Lord Commander of the Kingsguard, deposed and fled Barristan Selmy
65%
The Starks and their Household Her great-grandson, a stableboy and companion of Bran Hodor
65%
The Queen Across the Water Westerosi knight of her Queensguard, banished for treachery Jorah Mormont
65%
The Ironborn Captain of the Grief Rodrik Sparr
65%
The Starks and their Household Arya's dancing master, the First Sword of Braavos Syrio Forel
65%
At the Wall and Beyond It Dour squire, steward to Jon Snow, unwilling candidate to be Lord Commander Dolorous Edd
64%
The Queen Across the Water Khal slain by her husband near a Lhazareen settlement Khal Ogo
64%
The Iron Throne Lord of Highgarden, currently Hand of the King Mace Tyrell
64%
The Starks and their Household Master-at-arms, uncle of the first Captain of the Guard, slain during the Sack of Winterfell Rodrik Cassel
64%
The Queen Across the Water The Dragon Queen; the Breaker of Chains, last of her line Daenerys Targaryen
63%
The Iron Throne Knight known as "The Mountain That Rides", dead of a poisoned wound Gregor Clegane
63%
The Queen Across the Water Her first husband, a Dothraki horselord, died of an infected wound Khal Drogo
63%
Baratheon Rebels Priestess of R'hllor, known as The Red Woman Melisandre
63%
The Queen Across the Water Her older brother, the Beggar Prince, killed with a molten gold crown Viserys Targaryen
63%
The Iron Throne Great-uncle of two kings, served as Regent before being mysteriously killed Kevan Lannister
62%
The Iron Throne Wife of three kings, widow of two, falsely imprisoned for adultery Margaery Tyrell
62%
The Iron Throne Grandmother of the Queen, Mother of the Lord of Highgarden; the "Queen of Thorns" Olenna Tyrell
62%
The Iron Throne Her husband, a sellsword in service to the Imp, knighted after the Blackwater Bronn
61%
Baratheon Rebels His second Hand, a smuggler raised to Lordship Davos Seaworth
61%
The Starks and their Household Servant woman, storyteller and former wetnurse, captive at the Dreadfort Old Nan
61%
The Iron Throne Lord Protector of the Vale and Lord of Harrenhal, previously Master of Coin Petyr Baelish
61%
The Rhoyne Blue-haired eighteen-year-old, supposedly a son of a sellsword Young Griff
61%
The Queen Across the Water Her dragon, black Drogon
60%
Baratheon Rebels Their only daughter, a greyscale survivor Shireen
60%
Dorne His paramour Ellaria Sand
59%
The Ironborn His eldest surviving brother, eldritch raider and successor on the Seastone Chair Euron Crow's Eye
59%
Baratheon Rebels The King's brother, one of the Five Kings, murdered by a shadow demon Renly Baratheon
59%
Their Vassals and Bannermen Head of House Manderly, Lord "Too-Fat-To-Sit-A-Horse", declared for #1 Wyman Manderly
59%
The Ironborn Their daughter, captain of the Black Wind, claimant to the Seastone Chair Asha
58%
The Iron Throne The KIng's Justice, a headsman with no tongue Ilyn Payne
58%
The Vale Wife of the late Jon Arryn, Lady Regent, pushed to her death through the Moon Door Lysa
58%
At the Wall and Beyond It His steward, sent to Oldtown to become a maester Samwell Tarly
58%
The Queen Across the Water Her dragon, cream and gold Viserion
58%
Their Vassals and Bannermen Head of House Umber, captive at the Twins Greatjon Umber
57%
The Queen Across the Water Eunuch commander of the Unsullied Grey Worm
57%
The Iron Throne Commander of the City Watch, deposed, sent to the Wall and executed Janos Slynt
57%
Their Vassals and Bannermen His second son, in Winterfell to attend the wedding Rickard
57%
Their Vassals and Bannermen Head of House Karstark, executed by the Young Wolf for murdering prisoners Rickard Karstark
57%
The Iron Throne His bastard daughter, a guide at the Gates of the Moon Mya Stone
56%
The Iron Throne The Imp's squire, killer of Kingsguard, now wandering the riverlands Podrick Payne
56%
The Queen Across the Water Her dragon, green Rhaegal
56%
The Starks and their Household Septa, tutor to the Stark daughters, killed by the Lannisters after #1's arrest Septa Mordane
56%
The Ironborn Lord of the Iron Isles, twice self-claimed king, fell to his death in a storm Balon Greyjoy
55%
Baratheon Rebels The Blue Knight in the Rainbow Guard, believed to have murdered the King and fled Brienne of Tarth
55%
The Riverlands His son, Lord of Riverrun briefly before being stripped of his titles, a prisoner of the Lannisters Edmure Tully
55%
The Queen Across the Water Her handmaid, a Naathi scribe and translator Missandei
55%
Baratheon Rebels His wife, a fanatic of the Red God Selyse
55%
The Riverlands The Lord's eldest's second son, lackwitted, killed at the Red Wedding Aegon Frey
54%
The Riverlands The Lord's grandson through Ser Jammos Frey, a ward of Winterfell and then the Dreadfort Big Walder
54%
The Riverlands His second son, especially evil and incestuous Black Walder Frey
54%
At the Wall and Beyond It Greenseer residing in the caverns beneath a hollow hill, now more tree than man Brynden Rivers
54%
Dorne His bastard son, present with the Red Viper in King's Landing and at the feast at Sunspear Daemon Sand
54%
The Riverlands His son, a ward of Winterfell and then the Dreadfort, now dead Little Walder
54%
The Iron Throne The Imp's concubine, found strangled to death in his father's bed Shae
54%
The Iron Throne His bastard son, acknowledged, hiding in Lys Edric Storm
53%
The Lannisters Former Lord of Darry and regicide, now man of the faith Lancel
53%
The Vale Brutal and slow-witted gaoler, now with gold teeth Mord
53%
At the Wall and Beyond It Young ranger, strangled to death by a wight Will
53%
Sellswords Westerosi sellsword with the Windblown Will of the Woods
53%
The Riverlands #1's brother, unmarried, on the run after the fall of Riverrun Brynden Tully
52%
Dorne His brother, the Red Viper, killed in a trial by combat championing the Imp Oberyn
52%
The Iron Throne Current master of whisperers, a chainless maester and necromancer Qyburn
52%
The Ironborn His second surviving brother, captain of the Iron Fleet, claimant to the Seastone Chair Victarion
52%
Dorne Lord of Sunspear and Prince of Dorne Doran Martell
51%
The Riverlands His third son, a seven-foot-tall hostage of the Kingslayer Hoster
51%
The Riverlands Lord of Riverrun until his death in 299 Hoster Tully
51%
The Iron Throne Knight of the Kingsguard, killed in Dorne Arys Oakheart
50%
The Riverlands Leader of the Brotherhood without Banners, resurrected many times, now dead Beric Dondarrion
50%
The Iron Throne Grandmaester on the king's small council, served under six kings Grandmaester Pycelle
50%
The Iron Throne Knight of the Kingsguard, survivor of the Blackwater Meryn Trant
50%
The Starks and their Household Steward of Winterfell, killed by the Lannisters after Ned's arrest Vayon Poole
50%
Their Vassals and Bannermen His daughter, fled to the Wall for sanctuary with the Lord Commander Alys
49%
The Queen Across the Water Dornish prince and suitor at her court, attempted dragontamer Quentyn Martell
49%
The Iron Throne Knight of Griffin's Roost, formerly a rebel Red Ronnet
49%
Their Vassals and Bannermen His son, killed during the Red Wedding Smalljon
49%
The Starks and their Household Guard, sent north with #1's bones, whereabouts unknown Quent
48%
The Queen Across the Water Her lover, a Tyroshi sellsword captain of the Stormcrows Daario Naharis
47%
At the Wall and Beyond It Ranger and friend of Jon Snow, mocked as slow and stupid Grenn
47%
At the Wall and Beyond It King Beyond-the-Wall, a former crow, thought dead but secretly at Winterfell Mance Rayder
47%
At the Wall and Beyond It Her sister, a 'wildling princess', working with the Watch Val
47%
The Starks and their Household Guard, slain alongside the first captain of the guard by the Lannisters Wyl
47%
Their Vassals and Bannermen His eldest son, slain in the Whispering Wood Eddard
46%
The Iron Throne Her second brother, nicknamed "the Gallant" Garlan
46%
The Starks and their Household Butcher's boy, friend of #5, slain by the Hound Mycah
46%
Baratheon Rebels A mad fool, companion to the Princess Patchface
46%
Baratheon Rebels Lord of Horn Hill, supports Renly and then the Iron Throne Randyll Tarly
46%
The Iron Throne Mysterious 8ft knight loyal to the Lannisters, has taken a vow of silence Robert Strong
46%
Baratheon Rebels Old knight leading the betting pool for next to die of the cold, as of yet still living Ser Ormund Wylde
46%
The Riverlands Lord of the Crossing, over ninety Walder Frey
46%
At the Wall and Beyond It Ranger, mutinied beyond the wall, fate unknown Alan of Rosby
45%
Dorne His daughter and heir Arianne
45%
The Queen Across the Water Pentoshi cheesemonger who arranged her first marrage Illyrio Mopatis
45%
At the Wall and Beyond It Ranger and knight, killed by the Others beyond the Wall in 297 Ser Waymar Royce
45%
At the Wall and Beyond It Ranger, left behind to guard Castle Black during the Great Ranging, killed later by the Weeper Hairy Hal
44%
Their Vassals and Bannermen Head of House Mormont, the "She-Bear" Maege Mormont
44%
The Riverlands Scrawny resident of Maidenpool killed by the Brave Companions Nimble Dick
44%
The Iron Throne Knight of the Kingsguard, an upjumped hedge knight Osmund Kettleblack
44%
Baratheon Rebels The Red Knight in the Rainbow Guard, slain for his failure to defend the King Ser Robar Royce
44%
The Riverlands His right hand, a red priest and former drinking buddy of the King Thoros of Myr
44%
The Iron Throne The Queen's oldest brother, heir to Highgarden, a cripple Willas
44%
At the Wall and Beyond It Spearwife and Jon Snow's lover, killed in the attack on Castle Black Ygritte
44%
At the Wall and Beyond It Builder, converts to the faith of R'hllor Alf of Runnymudd
43%
The Iron Throne Former master of ships and rebel, fled with newly built dromonds after the Queen's arrest Aurane Waters
43%
The Riverlands Brotherhood man, stayed under the leadership of Lady Stoneheart Beardless Dick
43%
At the Wall and Beyond It Ranger, dies defending the wall alongside Jon Snow Deaf Dick Follard
43%
Baratheon Rebels Maester at Dragonstone, dies from poisoned wine Maester Cressen
43%
At the Wall and Beyond It Ranger and friend of Jon Snow, an ex-mummer Pypar
43%
The Iron Throne Knight of the Kingsguard, deposed and then reinstated Boros Blount
42%
The Queen Across the Water Her Dothraki handmaid Irri
42%
The Iron Throne Her youngest daughter and successor, victim of rape during the bread riots Lollys
42%
The Iron Throne His youngest brother, knighted after the Battle of the Blackwater, imprisoned by the Faith Osney Kettleblack
42%
The Iron Throne Current master of ships, sailing to face Ironborn raiders Paxter Redwyne
41%
At the Wall and Beyond It Builder, killed in the tunnel defending Castle Black Spotted Pate of Maidenpool
41%
At the Wall and Beyond It Wildling living at his 'Keep' beyond the wall, killed by his guests Craster
40%
At the Wall and Beyond It His daughter and wife, now in Oldtown Gilly
40%
The Iron Throne His successor, a pauper of unknown origin High Sparrow
40%
The Iron Throne Royal whipping boy Pate
40%
The Riverlands Orphan at the crossroads inn Pate
40%
Oldtown Novice at the Citadel, dead and being impersonated by a Faceless Man Pate
40%
The Iron Throne Drunken knight made into a fool, missing since the Purple Wedding Ser Dontos Hollard
40%
The Queen Across the Water Eunuch ex-slave from the fighting pits of Meereen Strong Belwas
40%
Their Vassals and Bannermen One of the 'Bastard's Boys', found castrated and dead in Winterfell Yellow Dick
40%
Baratheon Rebels His son, self-styled 'Queen's Hand', castellan of Dragonstone Axell Florent
39%
The Riverlands His daughter, one of those presented to the Young Wolf at the Red Wedding Merianne Frey
39%
The Iron Throne Jester at the king's court Moon Boy
39%
Dorne His eldest bastard daughter, hungry for war Obara
39%
The Iron Throne His younger brother, knighted after the Battle of the Blackwater, briefly Commander of the City Watch Osfryd Kettleblack
39%
The Riverlands His son, an envoy to White Harbour, now vanished on the roads Rhaegar Frey
39%
The Vale Hedge knight in service to the Lord Protector, with a red bulbous nose Ser Morgarth the Merry
39%
The Iron Throne Knight of the Kingsguard, sent to Dorne to give the Martells a skull Balon Swann
38%
The Iron Throne His bastard daughter by a whore in King's Landing, a babe-in-arms killed on the orders of his wife Barra
38%
The Starks and their Household His daughter, threatened with death by the Ironborn, captive at the Dreadfort Beth
38%
At the Wall and Beyond It Orphan headed for the wall, survived the attack at the God's Eye, now a baker at the Inn of the Kneeling Man Hot Pie
38%
Braavos Proprietor of the Happy Port, a brothel Meralyn
38%
The Iron Throne Leader of the Stone Crows, feeder of goats Shagga, son of Dolf
38%
The Iron Throne Another kinswoman, companion of the Queen, accused of fornications Alla
37%
The Riverlands The Lord's eldest's grandson, named for her beauty Fair Walda
37%
The Riverlands His second daughter, now married to the Warden of the North for her weight in silver Fat Walda
37%
The Ironborn One of her crewmen, killed by a northman's arrow Hagen the Horn
37%
The Iron Throne Knight of the Kingsguard, killed by a dwarf's squire at the Battle of the Blackwater Mandon Moore
37%
Their Vassals and Bannermen His younger daughter, a Stark loyalist Wylla
37%
Baratheon Rebels His first Hand and the queen's uncle, burnt at the stake Alester Florent
36%
The Queen Across the Water Her Lyseni handmaid, dies on the march through the Red Waste Doreah
36%
The Riverlands His squire, the Lord of Starfall, a boy of twelve Edric Dayne
36%
Dorne Knight of High Hermitage, part of the Queenmaker conspiracy, 'of the night' Gerold Dayne
36%
The Queen Across the Water Harpist, a freed slave murdered by the Sons of the Harpy Rylona Rhee
36%
At the Wall and Beyond It Master-of-arms at Castle Black and then Eastwatch, sent on a ranging by his rival Jon Snow Ser Alliser Thorne
36%
The Iron Throne The king's kitten, suspected Azor Ahai reborn Ser Pounce
36%
The Iron Throne Lady at court in King's Landing, dies of a shattered hip Tanda Stokeworth
36%
At the Wall and Beyond It Wandering crow, rescues Arya, killed by Lannisters in the attack at the God's Eye Yoren
36%
Sellswords His left hand, a poet Denzo D'han
35%
The Riverlands Lady of Darry, a young widow remarried Gatehouse Amy
35%
Braavos Faceless Man in Old Town, disguised as a novice Jaqen H'ghar
35%
At the Wall and Beyond It Chieftain amongst giants, described as the last of the giants, killed in the tunnel at Castle Black Mag the Mighty
35%
The Vale High Steward of the Vale, a new ally of the Lord Protector Nestor Royce
35%
The Queen Across the Water Warlock of Qarth who attempts to offer her to the Undying Pyat Pree
35%
Dorne The Prince of Dorne's captain of the guards Areo Hotah
34%
At the Wall and Beyond It Young raider, killed by Bran's direwolf during Jon Snow's escape Del
34%
The Lannisters Tywin's sister, a large, shrewd, jolly woman Genna
34%
At the Wall and Beyond It Child of the forest who resides there with him Leaf
34%
The Starks and their Household Blacksmith, killed after refusing to bend the knee to the Ironborn Mikken
34%
The Queen Across the Water Masked shadowbinder who appears to the Dragon Queen in dreams Quaithe
34%
Baratheon Rebels Knight with the host marching on Winterfell, a queen's man Ser Corliss Penny
34%
The Iron Throne His Myrish wife, a confidant of the Queen Taena Merryweather
34%
Dorne His youngest son, betrothed to a Lannister Trystane
34%
Their Vassals and Bannermen His uncle, disemboweled a whore in Oldtown, declared for #1 Hother "Whoresbane"
33%
The Riverlands Orphan at the crossroads inn Jon Penny
33%
The Iron Throne Their father, an agent of Littlefinger Oswell Kettleblack
33%
At the Wall and Beyond It Commander of the Shadow Tower, candidate for Lord Commander Ser Denys Mallister
33%
The Ironborn His third surviving brother, a priest of the Drowned God, organiser of the kingsmoot Aeron Damphair
32%
Their Vassals and Bannermen His daughter, the Lady of Barrowtown, declared for the Boltons Barbrey Dustin
32%
The Starks and their Household His son, escaped from the Battle of Mummer's Ford and joined the Brotherhood without Banners Harwin
32%
Slaver's Bay His slave, a dwarf girl and performer, recently escaped Penny
32%
The Riverlands His wife, married at the Red Wedding Roslin Frey
32%
At the Wall and Beyond It Recruit, former whore and now steward of Jon Snow Satin
32%
Oldtown Highborn novice, drunk and disliked Leo Tyrell
31%
The Iron Throne Former master of laws and Hand, fled to Longtable after the Queen's arrest Orton Merryweather
31%
Their Vassals and Bannermen His relation, a knight captured by the Lannisters and slain at the Red Wedding Ser Donnel Locke
31%
Oldtown Dornish acolyte of three links, a good archer and probably Sand Snake in disguise Alleras the Sphinx
30%
The Lannisters Her husband, now Lord of Riverrun, has a prominent Adam's apple Emmon Frey
30%
The Iron Throne Head of the Faith of the Seven, torn apart by an angry mob High Septon (the fat one)
30%
The Iron Throne His successor, killed on the orders of the Queen Regent High Septon (Tyrion's)
30%
The Riverlands Lord of Seaguard, surrendered to the Freys and now a prisoner Jason Mallister
30%
Braavos Servant of the Many-Faced-God at the House of Black and White with the appearance of a child The Waif
30%
The Riverlands Lord of Raventree Hall, has a cool raven-feather cloak Tytos Blackwood
30%
The Queen Across the Water Merchant prince of Qarth who seeks to marry the Dragon Queen Xaro Xhoan Daxos
30%
At the Wall and Beyond It His other steward, then a dog handler, killed by the Others on the Great Ranging Chett
29%
At the Wall and Beyond It Commander of Eastwatch-by-the-sea, an illiterate Ironborn bastard Cotter Pyke
29%
Baratheon Rebels Admiral of the King's fleet, killed in the Battle of the Blackwater Imry Florent
29%
The Queen Across the Water Her Dothraki handmaid Jhiqui
29%
The Riverlands Lord of Stone Hedge, bitter rival of the Lord of Raventree Hall Jonos Bracken
29%
At the Wall and Beyond It Steward, one of the few who survived the mutiny and made it back to the Wall Left Hand Lew
29%
The Riverlands Guard at Riverrun, on duty the night of the Kingslayer's attempted escape Long Lew
29%
The Ironborn One of her crewmen, caught in a compromising situation in the wolfswood Six-Toed Harl
29%
Dorne His third bastard daughter, by a septa Tyene
29%
The Lannisters Tygett Lannister's son, missing since the riot, secretly a horse Tyrek
29%
Their Vassals and Bannermen The Head of House Manderly's second son, slain at the Red Wedding Wendel
29%
The Vale His son and heir Albar Royce
28%
The Vale His second son Andar Royce
28%
At the Wall and Beyond It Criminal headed for the wall from the Black Cells, has filed teeth, later a Brave Companion and bandit Biter
28%
The Vale Lord of Runestone and chief of the Lords Declarant Bronze Yohn
28%
The Riverlands Former soldier with a yellow cloak Lem Lemoncloak
28%
The Queen Across the Water Lazharene witch suspected of cursing her child; burned at the stake Mirri Maz Duur
28%
Sellswords Westerosi sellsword with the Windblown Orson Stone
28%
At the Wall and Beyond It Steward, fiddler, prophetic dreamer, dropped on his head as a baby Owen the Oaf
28%
At the Wall and Beyond It Cook at Castle Black, candidate to be Lord Commander Three-Finger Hobb
28%
The Iron Throne Bard accused of fornication with the queen, driven mad by torture Wat
28%
The Lannisters Singer at Harrenhal and Riverrun Whitesmile Wat
28%
The Queen Across the Water His friend, a large knight Archibald Yronwood
27%
The Riverlands The Lord's sixth daughter, one of those presented to the Young Wolf at the Red Wedding Arwyn Frey
27%
At the Wall and Beyond It Grey-haired, five and a half foot tall ranger, now in command of Icemark Bedwyck
27%
The Iron Throne Owner of an expensive brothel with a tunnel to the Tower of the Hand Chataya
27%
At the Wall and Beyond It His wife, died in childbirth amidst a battle Dalla
27%
Baratheon Rebels His fifth son, squire to the King Devan
27%
The Queen Across the Water Her second husband, a wealthy Meereenese nobleman Hizdahr zo Loraq
27%
The Iron Throne His successor, killed by his own men in the Battle of the Blackwater Jacelyn Bywater
27%
The Queen Across the Water Her kho and bloodrider, currently a hostage with the Yunkai Jhogo
27%
Baratheon Rebels His third son, second of Black Betha, lost in the Blackwater Matthos
27%
Their Vassals and Bannermen His uncle, missing an eye, declared for Stannis Baratheon Mors "Crowfood"
27%
The Iron Throne Knight of the Kingsguard, face smashed in with a cobblestone during the bread riots Preston Greenfield
27%
Their Vassals and Bannermen His brother and heir, captured at Duskendale and now working with Manderly Robett Glover
27%
The Rhoyne New-made knight, the first member of his Kingsguard Rolly Duckfield
27%
At the Wall and Beyond It Criminal headed for the wall from the Black Cells, noseless, later a Brave Companion and bandit Rorge
27%
The Iron Throne Hedge knight accused of fornication with the queen Ser Tallad the Tall
27%
The Riverlands Sellsword captain of the Brave Companions, died armless, legless and raving Vargo Hoat
27%
The Iron Throne Her daughter and supposed lover of the Imp Alayaya
26%
The Riverlands Bowman from the Dornish marches Anguy the Archer
26%
Their Vassals and Bannermen Her eldest daughter, slain at the Red Wedding Dacey
26%
Sellswords Sellsword serjeant with the Golden Company Denys Strong
26%
Sellswords Sellsword serjeant with the Golden Company Duncan Strong
26%
Sellswords Leader of the Golden Company, a cautious and blistery man Homeless Harry Strickland
26%
The Iron Throne An exile prince from the Summer Islands, accused of fornication with the Queen Jalabhar Xho
26%
Baratheon Rebels Lord of the Tides, dies in the Battle of the Blackwater Monford Velaryon
26%
The Queen Across the Water Her kho and bloodrider, searching for her in the grass plains Rakharo
26%
At the Wall and Beyond It His chief, the Lord of Bones, burnt at the stake whilst under a glamour Rattleshirt
26%
The Iron Throne Leader of the Burned Men, burned out his own eye Timett, son of Timett
26%
The Iron Throne His successor, a knight in service to the Lannisters Addam Marbrand
25%
The Iron Throne His bastard daughter, a whore at a brothel in Stony Sept Bella
25%
At the Wall and Beyond It Nightswatchman now dead, working with him for unknown ends Coldhands
25%
The Iron Throne Master of Coin with a persistent cough, succumbs to his illness in 300 Giles Rosby
25%
The Iron Throne His son, exonerated of fornication with the Queen Horror
25%
The Vale Knight famed for killing Lewyn Martell, an ally of the Lord Protector Lyn Corbray
25%
At the Wall and Beyond It Steward from the Rosewood, dies defending Castle Black after being shot in the leg Red Alyn of the Rosewood
25%
The Rhoyne Septa who tutors him in the Faith of the Seven Septa Lemore
25%
The Iron Throne The Queen Regent's gaoler, big-boned and scowling Septa Unella
25%
The Lannisters Her eldest son, killed by outlaws whilst travelling with the Kingslayer Ser Cleos Frey
25%
The Iron Throne His twin, also exonerated Slobber
25%
Their Vassals and Bannermen One of the 'Bastard's Boys' Sour Alyn
25%
At the Wall and Beyond It Steward, one of the few who survived the mutiny and made it back to the Wall, supposed Lannister bastard Sweet Donnel Hill
25%
Their Vassals and Bannermen His eldest son, a captive at Harrenhal, now returned Wylis
25%
Baratheon Rebels Lord of Claw Isle, defects to the Iron Throne after the Blackwater Aaron Celtigar
24%
The Reach Wife of the King's Hand, attends the Purple Wedding Alerie Hightower
24%
At the Wall and Beyond It Lord Steward, chief assassin of Jon Snow Bowen Marsh
24%
The Ironborn Master-at-arms on Pyke, captain of the Foamdrinker, hideously scarred on his mouth Dagmer Cleftjaw
24%
The Iron Throne Her eldest daughter, dies screaming in the dungeons Falyse
24%
The Lannisters Lord of the Crag, believed to have more honour than sense Gawen Westerling
24%
The Reach Sister of the King's Hand, attends the Purple Wedding Janna Tyrell
24%
The Vale Young singer accused of murdering the Lady Regent, fell to his death from the sky cells Marillion
24%
The Riverlands His son, captured by the Freys at the Red Wedding Patrek Mallister
24%
The Ironborn Lord of Ten Towers, called 'the Reader' for his love of books Rodrik Harlaw
24%
The Riverlands His son, killed by the Hound at the Red Wedding Ser Tytos Frey
24%
At the Wall and Beyond It Giant at the weirwood grove, joins the Watch Wun Wun
24%
The Queen Across the Water Her kho and bloodrider, searching for her in the grass plains Aggo
23%
Their Vassals and Bannermen His uncle, castellan of Karhold, declared for Stannis Baratheon Arnolf
23%
Their Vassals and Bannermen His son, shot through the eye with an arrow during the sack of Winterfell Cley Cerwyn
23%
At the Wall and Beyond It One-armed blacksmith, briefly commander of Castle Black before being slain defending it Donal Noye
23%
Their Vassals and Bannermen Head of House Glover, unmarried, sent to Greywater Watch by the Young Wolf Galbart Glover
23%
The Rhoyne His tutor, a former student at the Citadel Haldon
23%
The Lannisters His twin, taken captive and then swapped Martyn
23%
Oldtown Archmaester, conspiracy theorist, magician, absolute madlad Marwyn the Mage
23%
The Iron Throne Guard on duty the night of the Hand's murder by the Imp Red Lester
23%
Braavos Servant of the Many-Faced-God at the House of Black and White The Kindly Man
23%
At the Wall and Beyond It Skinchanger, died beyond the wall from a stab wound Varamyr Sixskins
23%
The Ironborn Mute twelve-year-old squire, survivor of the Sack of Winterfell Wex
23%
The Iron Throne Her grandmother's guard, seven feet tall Arryk "Left"
22%
The Iron Throne His identical twin Erryk "Right"
22%
Baratheon Rebels His successor, a young man who teaches the Hand to read Maester Pylos
22%
The Riverlands His son and heir, a captive of the Freys Marq Piper
22%
Old Volantis His right hand, now a captive of the Ironborn Moqorro
22%
The Vale His daughter, a friend of the Lord Protector's bastard daughter Myranda
22%
The Riverlands Serving girl, one of the few Whent employees who are still alive at Harrenhal Pia
22%
Baratheon Rebels Castellan of Storm's End, murdered by a shadow demon Ser Courtnay Penrose
22%
Dorne Heir to the Spottswood, part of the Queenmaker conspiracy, married to Eldon Estermont as punishment Spotted Sylva
22%
At the Wall and Beyond It His chief, Tall-Talker, Hornblower, Breaker of Ice, Husband to Bears, and so on Tormund Giantsbane
22%
Their Vassals and Bannermen His second son, slain in the Whispering Wood Torrhen
22%
The Starks and their Household Captain of the Guard after previous, likely killed attempting to bring justice to the Mountain Alyn
21%
The Iron Throne The master-of-arms at King's Landing, killed during the bread riots Aron Santagar
21%
At the Wall and Beyond It Blond recruit from Fair Isle, becomes a steward Arron
21%
Baratheon Rebels Lady of Old Oak, supports Renly and then the Iron Throne Arwyn Oakheart
21%
The Queen Across the Water His other friend, a handsome knight Gerris Drinkwater
21%
The Starks and their Household Guard, leads mission to Winterfell with #1's bones, whereabouts unknown Hallis Mollen
21%
At the Wall and Beyond It Orphan headed for the wall, survived the attack at the God's Eye but later killed by Lannisters Lommy Greenhands
21%
Dorne Castellan at Sunspear Manfrey Martell
21%
At the Wall and Beyond It Skinchanger killed by Jon Snow, lives his second life as his eagle Orell
21%
Baratheon Rebels Knight in service to the Baratheons, killed in the Battle of the Blackwater Ser Bryan Fossoway
21%
The Riverlands The Lord's eldest bastard, a strong warrior present at the Siege of Riverrun Walder Rivers
21%
The Lannisters His brother, slain by the Karstarks at Riverrun Willem
21%
The Queen Across the Water High Priestess at the Temple of the Graces Galazza Galare
20%
The Starks and their Household Master of horse, killed by the Lannisters after Ned's arrest Hullen
20%
The Iron Throne His wife Leonette Fossoway
20%
The Riverlands Knight secretly loyal to the Targaryens, died at the Battle of Mummer's Ford Raymun Darry
20%
The Starks and their Household Septon at Winterfell, thrown down a well by the Ironborn Septon Chayle
20%
The Lannisters Son and heir of the Queen's hand, part of the funeral procession for the Lord of Casterly Rock Steffon Swyft
20%
The Lannisters Torturer, killed by Arya in the Inn at the Crossroads The Tickler
20%
Baratheon Rebels Envoy from the Iron Bank of Braavos Tycho Nestoris
20%
The Vale Captain of the Guards, slain during a trial by combat Vardis Egen
20%
Their Vassals and Bannermen Her second daughter, with the host outside Winterfell Alysane
19%
The Riverlands Lannister knight ripped apart by a bear at Harrenhal Amory Lorch
19%
The Vale Lady of Ironoaks, one of the Lords Declarant Anya Waynwood
19%
Their Vassals and Bannermen His second son, with the host marching on Winterfell Artos Flint
19%
Their Vassals and Bannermen Mountain clansman with the Night's Watch Big Liddle
19%
The Riverlands Lord of Pinkmaiden, reluctantly joined the siege of Riverrun Clement Piper
19%
The Ironborn Another of her champions, now the Lord of Greyshield Harras Harlaw
19%
Their Vassals and Bannermen His youngest son, a captive at Maidenpool Harrion
19%
The Starks and their Household Bedwarmer captured and taken to the Dreadfort, then flayed alive for attempted escape Kyra
19%
The Iron Throne Another squire to the Kingslayer, a hostage Lewys Piper
19%
The Riverlands His son, reclaimed his father's castle for a fortnight before being killed by the Mountain Lyman Darry
19%
Sellswords Sellsword from the Summer Islands with the Windblown Old Bill Bone
19%
The Ironborn Ironborn sailor, beardless and pink-cheeked, lover of the King's daughter Qarl the Maid
19%
The Ironborn Ironborn raider and supporter of the king at the kingsmoot Qarl the Thrall
19%
Baratheon Rebels New castellan of Dragonstone, commanded the rearguard at the Blackwater Rolland Storm
19%
The Riverlands The Lord's third son, a knight currently at Winterfell Ser Aenys Frey
19%
The Riverlands One-time suitor of the Maid of Tarth, travelling with her until being hanged by the Brotherhood without Banners Ser Hyle Hunt
19%
The Riverlands His eldest son and heir, killed at the battle of Oxcross Ser Stevron Frey
19%
The Queen Across the Water Lesser nobeleman of Meereen, commander of the Brazen Beasts Skahaz mo Kandaq
19%
At the Wall and Beyond It His she-wolf, cunning Sly
19%
At the Wall and Beyond It Large, simple steward, killed by an Other Small Paul
19%
At the Wall and Beyond It The Magnarr of Thenn, killed in the attack on Castle Black Styr
19%
The Iron Throne Master armorer who reforges Ice into two new blades Tobho Mott
19%
Their Vassals and Bannermen Mountain clan chief, commanding the most men with the host marching on Winterfell Big Bucket
18%
Their Vassals and Bannermen Eldest son of the previous, imprisoned at the Wall Cregan
18%
At the Wall and Beyond It Singer, sent to recruit others for the Watch, defects in Braavos and killed by Cat of the Canals Dareon
18%
Baratheon Rebels Lord of Sharp Point, a fat, feeble fifteen-year-old Duram Bar Emmon
18%
The Ironborn One of her crewmen, fate unknown Earl Harlaw
18%
The Reach His bastard daughter Falia Flowers
18%
The Iron Throne Former Hand and current lord treasurer, in Braavos to treat with the Iron Bank Harys Swift
18%
The Ironborn Supporter of the Iron Captain with a humpback Hotho Harlaw
18%
The Riverlands The Lord's twelth son and steward of the Twins, one of the architects of the Red Wedding Lame Lothar Frey
18%
The Iron Throne Briefly a member of the small council, rides with the Tyrell host to Storm's End Mathis Rowan
18%
The Riverlands The Lord's ninth son, a drunk afflicted with migraines, hanged by Lady Stoneheart Merrett Frey
18%
The Lannisters Mountain's Man, killed in the Inn at the Crossroads Polliver
18%
At the Wall and Beyond It Ranger and second-in-command, slain by Jon Snow beyond the wall Qorin Halfhand
18%
Their Vassals and Bannermen Lordling killed at the Red Wedding Robin Flint
18%
The Riverlands Balding seption, hanged by the Brotherhood Septon Utt
18%
The Lannisters Son of Stafford Lannister, now Warden of the West Ser Daven Lannister
18%
Sellswords Leader and founder of the Windblown, wants Pentos The Tattered Prince
18%
At the Wall and Beyond It Self-declared First Ranger, decapitated by a bear at the Fist of the First Men Thoren Smallwood
18%
Their Vassals and Bannermen Mountain clan chief, visits the Wall for the wedding Torghen Flint
18%
The Ironborn Foster son of the king, with an unrequited love for the King's daughter, her champion at the kingsmoot Tristifer Botley
18%
Baratheon Rebels The King's cousin, a king's man, with his bastard nephew in Lys Andrew Estermont
17%
The Queen Across the Water The Dragon Queen's ward, relative of her husband Bhakaz zo Loraq
17%
The Iron Throne Leader of the Black Ears, returned to the Vale Chella, daughter of Cheyk
17%
At the Wall and Beyond It Steward, conspires and mutinies beyond the wall, fate unknown Clubfoot Karl
17%
The Riverlands His dog Dog
17%
Sellswords Sellsword with the Golden Company, from the Reach Franklyn Flowers
17%
Their Vassals and Bannermen Gaoler, headsman and torturer at White Harbor, owns an axe named Lady Lu Garth
17%
At the Wall and Beyond It Ranger from Greenaway, mutinied beyond the wall and killed his namesake, fate unknown Garth of Greenaway
17%
At the Wall and Beyond It Ranger from Oldtown, killed by his namesake during the mutiny Garth of Oldtown
17%
The Ironborn Crewman of the Prince of Winterfell, killed during the Sack Gevin Harlaw
17%
The Ironborn Ironborn raider and crewman of the Iron Victory, particularly hostile to the red priest Longwater Pyke
17%
The Ironborn Ironborn raider and crewman of the Iron Victory Ragnor Pyke
17%
At the Wall and Beyond It Recruit and rapist, killed by a Thenn defending Castle Black Rast
17%
Baratheon Rebels Knight with the host marching on Winterfell, courteous to the captive Ser Justin Massey
17%
The Riverlands Steward of Riverrun Utherydes Wayn
17%
At the Wall and Beyond It Ranger, executed for desertion after fleeing the Others Gared
16%
The Reach Her husband, captured at the Blackwater Jon Fossoway
16%
The Riverlands Lord of Wayfarer's Rest, reluctantly joined the siege of Riverrun, has a winestain birthmark Karyl Vance
16%
The Iron Throne Freerider now in service to Littlefinger in the Vale Lothor Brune
16%
The Riverlands Another bastard, commander of the outriders for the Young Wolf Martyn Rivers
16%
At the Wall and Beyond It First Builder and candidate for Lord Commander Othell Yarwyck
16%
The Iron Throne Chief undergaoler of the Red Keep's dungeons Rennifer Longwaters
16%
The Riverlands Another bastard, captured at the Green Fork and ransomed at Harrenhal Ronel Rivers
16%
The Riverlands Another bastard, who attempts to chastise his father for being rude to Lady Stark Ryger Rivers
16%
The Riverlands Wandering septon, veteran of the War of the Ninepenny Kings Septon Meribald
16%
The Iron Throne Knight, friend of the Head of House Tully, now sworn to the Iron Throne Ser Hugo Vance
16%
Baratheon Rebels Knight at Castle Black, killed by a giant Ser Patrek of King's Mountain
16%
The Riverlands His eldest son and successor as heir, killed by outlaws near Fairmarket Ser Ryman Frey
16%
Their Vassals and Bannermen His captain of the guards, at Winterfell for the wedding Steelshanks Walton
16%
Sellswords Sellsword with the Golden Company, wears a lot of rings Tristan Rivers
16%
The Iron Throne Her bastard son, a babe-in-arms Tyrion Tanner
16%
The Riverlands Understeward of the Wailing Tower at Harrenhal, killed by a Faceless Man Weese
16%
The Riverlands Lord of Maidenpool, who let his town burn William Mooton
16%
Their Vassals and Bannermen Mountain clan chief, visits the Wall for the wedding Brandon Norrey
15%
At the Wall and Beyond It His other steward, a man of at least sixty, now takes care of the ravens Clydas
15%
The Queen Across the Water Ko to her husband, now a Khal Khal Pono
15%
Slaver's Bay Slavemaster killed by the Dragon Queen after selling her his Unsullied Kraznys mo Nakloz
15%
Their Vassals and Bannermen Mountain clansman with the host marching on Winterfell Middle Liddle
15%
At the Wall and Beyond It Their newborn babe Monster
15%
The Riverlands Lord of Atranta, reluctantly joined the siege of Riverrun Norbert Vance
15%
The Lannisters Mountain's Man, on a mission to Braavos Raff the Sweetling
15%
The Riverlands Lady of Acorn Hall, has connections to the Brotherhood without Banners Ravella Smallwood
15%
The Lannisters Lord of Crakehall, rumoured dead but returned Roland Crakehall
15%
The Riverlands The Lord's sixth son, a brawny knight currently at Winterfell Ser Hosteen Frey
15%
Baratheon Rebels The Purple Knight in the Rainbow Guard, imprisoned at Highgarden Ser Parmen Crane
15%
Baratheon Rebels His fellow guard, a knight and king's man Ser Triston of Tally Hill
15%
The Ironborn His wife and widow, a frail woman mad with grief Alannys
14%
Their Vassals and Bannermen His son, with the host marching on Winterfell Brandon Norrey
14%
Sellswords Sellsword serjeant with the Golden Company Dick Cole
14%
The Vale Her second son, who saves Lady Stark and her party from the mountain clans Donnel Waynwood
14%
At the Wall and Beyond It Successor to the previous, killed at the Bridge of Skulls defending the wall Endrew Tarth
14%
Sellswords Westerosi sellsword with the Windblown Ginger Jack
14%
The Queen Across the Water Pentoshi captain of the Balerion, killed by the Yunkai Groleo
14%
The Iron Throne The king's kitten, stole a mouse from the previous Lady Whiskers
14%
The Riverlands The Lord's eldest's granddaughter, presented to the Young Wolf Marianne Vance
14%
The Iron Throne Her kinswoman, companion of the Queen, accused of fornications Megga
14%
The Riverlands The Lord's eighteenth son, a squire to the Young Wolf Olyvar Frey
14%
At the Wall and Beyond It Spearwife, probably killed by the Boltons helping 'Arya' escape Winterfell Rowan
14%
The Iron Throne Commander of the Holy Hundred, formerly a rebel Ser Bonifer Hasty
14%
Baratheon Rebels The Yellow Knight in the Rainbow Guard, slain for his failure to defend the King Ser Emmon Cuy
14%
The Riverlands Psychotic jester killed by the Maid of Tarth at the Whispers Shagwell
14%
The Lannisters His wife, plotted with the Hand of the King to bring down the Young Wolf Sybell Spicer
14%
At the Wall and Beyond It Leader of a war band known for blinding his victims The Weeper
14%
Sellswords Sellsword serjeant with the Golden Company Will Cole
14%
Their Vassals and Bannermen His elder daughter, part of her grandfather's conspiracy Wynafryd
14%
Baratheon Rebels His second son, captain of the Lady Marya, lost in the Blackwater Allard
13%
Baratheon Rebels Lord of the Marches, the Orange Knight in his rainbow guard, killed in the Battle of the Blackwater Bryce Caron
13%
The Starks and their Household Guard, found dead in the stables by #5 Desmond
13%
The Starks and their Household Kennelmaster, executed by the Ironborn Farlen
13%
The Starks and their Household Cook, presumably killed during the sack of Winterfell Gage
13%
Baratheon Rebels Lord of Sweetport Sound, a pious man burnt by the Queen Guncer Sunglass
13%
At the Wall and Beyond It Recruit from Moles Town with buckteeth Hareth
13%
At the Wall and Beyond It Wilding leader who kills a dog every fortnight for her banner, killed in the attack on Castle Black Harma Dogshead
13%
Dorne Lord of Hellholt, present with the Red Viper in King's Landing and at the feast at Sunspear Harmen Uller
13%
The Riverlands Wanted man with one eye Jack-be-Lucky
13%
At the Wall and Beyond It Her lover, died climbing the Wall Jarl
13%
The Iron Throne Hero of the Blackwater taken as squire by the Kingslayer Josmyn Peckledon
13%
Sellswords Westerosi sellsword with the Windblown Lucifer Long
13%
The Lannisters His second son, at the siege of Riverrun Lyle
13%
The Vale Her eldest son, one of the Lady's suitors Morton Waynwood
13%
Slaver's Bay His slave overseer, poisoned by the Imp Nurse
13%
Slaver's Bay Her pig, trained to be ridden Pretty Pig
13%
The Lannisters Her brother, now Lord of Castamere Rolph Spicer
13%
At the Wall and Beyond It His son and successor, recently married Sigorn
13%
Baratheon Rebels His eldest son, captain of the Wraith, lost in the Blackwater Dale
12%
The Ironborn One of her crewmen, an oarsman who takes naps between strokes Droopeye Dale
12%
The Iron Throne Another kinswoman, companion of the Queen, accused of fornications Elinor
12%
The Lannisters His third son, a knight with a two foot spiral horn on his helmet Flement Brax
12%
The Ironborn One of the King's champions at the kingsmoot, Lord of Lordsport Germund Botley
12%
The Iron Throne Pyromancer and head of the Alchemists' Guild Hallyne
12%
Their Vassals and Bannermen Head of House Tallhart, slain at Duskendale Helman Tallhart
12%
At the Wall and Beyond It Master of arms at Eastwatch and then Castle Black, named commander of the Long Barrow Iron Emmett
12%
The Iron Throne The Queen Regent's companion, a member of House Swyft Jocelyn
12%
The Queen Across the Water The Dragon Queen's ward Kezmya Pahl
12%
The Ironborn Ironborn raider and supporter of the king at the kingsmoot Left-hand Lucas Codd
12%
At the Wall and Beyond It Raider, notably does not fight with a spear Longspear Ryk
12%
The Ironborn Another of his champions, named for his accuracy with a throwing axe, now Lord of Oakenshield Nute the Barber
12%
Baratheon Rebels Knight with the host marching on Winterfell, claims to have killed a giant Ser Godry Farring
12%
At the Wall and Beyond It Ranger, lost afoot in the Skirling Pass Stonesnake
12%
The Lannisters Her third son, killed by the Karstarks at Riverrun Tion Frey
12%
The Ironborn Ironborn sailor in Pyke Uller
12%
Dorne His brother, present with the Red Viper in King's Landing and at the feast at Sunspear Ulwyck Uller
12%
The Riverlands Random girl Arya met in the riverlands, whereabouts unknown Weasel
12%
Slaver's Bay Massively obese, wealthy master, dying of a Sothoryi sickness, finished off by the bloody flux Yezzan zo Qaggaz
12%
The Riverlands Dothraki sellsword who cut off the Kingslayer's hand Zollo the Fat
12%
The Starks and their Household Guard, killed by the Ironborn during the capture of Winterfell Alebelly
11%
The Lannisters Lord of Hornvale, drowns after his raft was sunk in the Battle of the Camps Andros Brax
11%
The Iron Throne The king's third kitten Boots
11%
Their Vassals and Bannermen One of the 'Bastard's Boys' Damon Dance-for-Me
11%
The Vale Lord of Longbow Hall, one of the Lady's suitors Eon Hunter
11%
The Ironborn Claimant to the Seastone Chair, an old man, now married to the King's daughter Erik Ironmaker
11%
The Lannisters His wife, widowed before she was weaned Ermesande Hayford
11%
The Ironborn Claimant to the Seastone Chair, promises to lead the Ironborn to a land without winter Gylbert Farwynd
11%
Dorne Lady of Blackmont, present with the Red Viper in King's Landing Larra Blackmont
11%
The Ironborn Crewman of the Prince of Winterfell, goes raiding with his three sons Maron Botley
11%
The Riverlands Former inkeep of the crossroads inn, hanged by the Lannisters Masha Heddle
11%
Slaver's Bay Commander of the Second Sons, attempts to kill the Dragon Queen but is torn apart by freedmen Mero
11%
The Starks and their Household His daughter, captive at the Dreadfort Palla
11%
The Lannisters Lord, part of the funeral procession for the Lord of Casterly Rock Philip Plumm
11%
Sellswords Company torturer, a woman with the Windblown Pretty Meris
11%
The Queen Across the Water Her husband's bloodrider, killed as her husband lies dying Qotho
11%
Baratheon Rebels The Green Knight in the Rainbow Guard, slain at the Blackwater Ser Guyard Morrigen
11%
The Vale Hedge knight in service to the Lord Protector, five foot two and ginger Ser Shadrich
11%
Their Vassals and Bannermen His wife, held captive by the Ironborn at Deepwoode Motte but freed by Stannis Sybelle
11%
The Riverlands Tiny crone who gives prophecies The Ghost of High Heart
11%
Braavos Whore at the Happy Port who marries all of her customers The Sailor's Wife
11%
The Lannisters His eldest son and successor, a captive released Tytos Brax
11%
At the Wall and Beyond It Recruit alongside Jon Snow, pimply, assigned to the Builders Albett
10%
The Iron Throne One of her attendants, an eight-year-old Lady Alysanne Bulwer
10%
The Iron Throne Her husband, dies in a joust with a sellsword Balman Byrch
10%
The Reach Fat jester in service to the Hand's family Butterbumps
10%
The Lannisters Mountain's Man, killed by a Faceless Man at Harrenhal Chiswyck
10%
Dorne Lord of Kingsgrave, present with the Red Viper in King's Landing and at the feast at Sunspear Dagos Manwoody
10%
The Riverlands Master-of-arms at Riverrun, now heading to the Wall Desmond Grell
10%
Dorne His second son, present with the Red Viper in King's Landing Dickon Manwoody
10%
At the Wall and Beyond It Ranger who killed the Watch's host with his eponymous weapon Dirk
10%
The Ironborn Claimant to the Seastone Chair, Lord of Old Wyk Dunstan Drumm
10%
The Riverlands His eldest son and now successor as heir Edwyn
10%
The Ironborn Supporter of the Iron Captain, and Lord of Hammerhorn Gorold Goodbrother
10%
The Ironborn His son Gyles Farwynd
10%
At the Wall and Beyond It Recruit alongside Jon Snow, strong, assigned to the Builders Halder
10%
Baratheon Rebels Lord of Felwood, dies from hypothermia during the march to Winterfell Harwood Fell
10%
The Vale One of the Lords Declarant, an old man Horton Redfort
10%
At the Wall and Beyond It Wildling turned crow, now master-of-arms at Castle Black Leathers
10%
Their Vassals and Bannermen His brother, killed during the Sack of Winterfell Leobald
10%
The Lannisters Lord of Golden Tooth, drowns at the Battle of the Fords trying to take Riverrun Leo Lefford
10%
Their Vassals and Bannermen His wife, committed to the Bolton cause Leona
10%
The Vale Maester of the Eyrie Maester Colemon
10%
Their Vassals and Bannermen Maester at White Harbor, loyal to the Lannisters Maester Theomore
10%
The Queen Across the Water His cousin, put in charge of the Brazen Beasts Marghaz zo Loraq
10%
The Iron Throne One of the Queen's attendants, a humorous noblewoman Meredyth Crane
10%
The Iron Throne His eldest son, now a lord Morros
10%
Dorne His eldest son, present with the Red Viper in King's Landing Mors Manwoody
10%
Dorne His brother, present with the Red Viper in King's Landing Myles Manwoody
10%
The Riverlands Captain of the Guard at Riverrun, now heading to the Wall Robin Ryger
10%
Baratheon Rebels Brutish knight with the host marching on Winterfell, enjoys sacrifices Ser Clayton Suggs
10%
The Riverlands Knight who assisted Lady Stark at the crossroads inn Ser Willis Wode
10%
At the Wall and Beyond It Ancient ranger, last knight in the castle but effectively relieved of command by the blacksmith Ser Wyton Stout
10%
Slaver's Bay His slave, a hermaphrodite who cares for him in his sickness Sweets
10%
The Riverlands The Lord's seventh son, an envoy to White Harbour, now vanished on the roads Symond Frey
10%
The Vale One of the Lords Declarant, the Knight of Ninestars Symond Templeton
10%
The Riverlands Dornishman killed by the Maid of Tarth at the Whispers Timeon
10%
The Starks and their Household His son, whereabouts unknown Tom "TomToo"
10%
The Rhoyne Captain of the Shy Maid Yandry
10%
The Ironborn His other son Ygon Farwynd
10%
The Ironborn His other son Yohn Farwynd
10%
The Rhoyne His wife Ysilla
10%
Dorne His brother, part of the Queenmaker conspiracy, punished with three years of service in Norvos Andrey Dalt
9%
Old Volantis High Priest of R'hllor Benerro
9%
Their Vassals and Bannermen His son, killed by Ironborn at Stony Shore Benfred
9%
At the Wall and Beyond It His successor as First Ranger, killed by the Weeper on a ranging Black Jack Bulwer
9%
The Ironborn His son Denys Drumm
9%
Dorne Knight of Lemonwood, present with the Red Viper in King's Landing and at the feast at Sunspear Deziel Dalt
9%
The Ironborn His other son Donnel Drumm
9%
At the Wall and Beyond It Ranger with wooden teeth Dywen
9%
The Queen Across the Water Lahazareen girl rescued by the Dragon Queen, killed by the Dothraki Eroeh
9%
The Iron Throne Singer notable for his extremely long songs Galyeon of Cuy
9%
Dorne Orphan of the Greenblood, part of the Queenmaker conspiracy, sent to Tyrosh as punishment Garin
9%
The Riverlands Tyroshi sellsword with a green beard Greenbeard
9%
The Riverlands The Lord's fourth son, an envoy to White Harbour, now vanished on the roads Jared Frey
9%
Dorne Her twin, also close with the second Sand Snake Jennelyn Fowler
9%
Dorne Daughter of the Lord of Skyreach, close with the second Sand Snake Jeyne Fowler
9%
Braavos Her daughter, also a whore Lanna
9%
The Iron Throne Another of her girls Marei
9%
Baratheon Rebels His fourth son, oarmaster of Fury, lost in the Blackwater Maric
9%
The Riverlands Pig-nosed sellsword killed by the Maid of Tarth at the Whispers Pyg
9%
The Iron Throne Undergaoler, missing since the Purple Wedding Rugen
9%
At the Wall and Beyond It Drunken septon at Castle Black, distrusts Jon Snow for his religious beliefs Septon Cellador
9%
The Iron Throne One-armed, monkeyless knight, accused of fornication with the queen Ser Mark Mullendore
9%
The Riverlands The Lord's eleventh son, murdered Lady Stark at the Red Wedding Ser Raymund Frey
9%
Baratheon Rebels The King's second-in-command, desires Winterfell, a queen's man Ser Richard Horpe
9%
Their Vassals and Bannermen One of the 'Bastard's Boys', assists the Bastard in flaying his victims Skinner
9%
The Iron Throne A singer now dead in a bowl of brown Symeon Silver-Tongue
9%
Dorne Second son of the Lord of Sandstone, present with the Red Viper in King's Landing Arron Qorgyle
8%
The Vale One of the Lords Declarant, very fat Benedar Belmore
8%
The Ironborn Captain of the Lamentation Bloodless Tom Codd
8%
The Riverlands Fifteen-year-old orphan staying with them Boy
8%
Braavos Fishmonger Arya works for as Cat of the Canals Brusco
8%
Baratheon Rebels Squire of the King who dies of cold and hunger on the march Bryen Farring
8%
The Riverlands Leader of the sept on the Quiet Isle, supposedly has healing powers Elder Brother
8%
The Vale Lord of Sweetsister, who captured Stannis' Hand but allowed him to go free Godric Borrell
8%
The Queen Across the Water Her brother Grazhar Galare
8%
Their Vassals and Bannermen One-armed vassal of Barrowtown, Harwood Stout
8%
At the Wall and Beyond It Spearwife, definitely killed by the Boltons helping 'Arya' escape Winterfell Holly
8%
The Starks and their Household Master of horse after the previous rides south, likely killed during the Sack of Winterfell Joseth
8%
At the Wall and Beyond It Ranger, plotter in the mutiny killed by the Others Lark the Sisterman
8%
Sellswords Sellsword with the Golden Company, an exile lord Laswell Peake
8%
The Reach Lord of Bitterbridge, had both arms and ribs broken by a soldier in his youth Lorent Casswell
8%
The Riverlands Maester of Riverrun, serving House Frey after the eviction of the Tullys Maester Vyman
8%
Their Vassals and Bannermen His cousin, commander of the garrison at White Harbor Marlon
8%
The Vale His successor as Captain of the Guards, now serving at the Gates of the Moon Marwyn Belmore
8%
At the Wall and Beyond It Steward, mutinies beyond the wall, fate unknown Muttering Bill
8%
The Starks and their Household New guard, killed during the sack of Winterfell by an axe to the face Poxy Tym
8%
The Queen Across the Water The Dragon Queen's ward, relative of the High Priestess Qezza Galare
8%
The Ironborn Another of his champions and captains, commanded a third of his fleet, believes their voyage cursed Ralf the Limper
8%
Baratheon Rebels Lord of Poddingfield, with the host marching on Winterfell, suspected of cannibalism Robin Peasebury
8%
Their Vassals and Bannermen His eldest son, in Winterfell to attend the wedding Roger
8%
The Iron Throne The Queen Regent's gaoler, a crone Septa Moelle
8%
The Riverlands His son, a knight who rides to Saltpans after its destruction Ser Arwood Frey
8%
The Riverlands The Lord's fifteenth son, a decent man, not at the Red Wedding Ser Perwyn Frey
8%
The Riverlands Ibbenese sellsword, currently on the run Togg Joth
8%
Sellswords His brother Torman Peake
8%
Old Volantis Wealthy freewoman who assists those who bring her gifts Widow of the Waterfront
8%
At the Wall and Beyond It Spearwife, probably killed by the Boltons helping 'Arya' escape Winterfell Willow
8%
The Riverlands Her sister, protector of the other children Willow
8%
Braavos Whore at the Happy Port, a maegi Yna One-Eye
8%
The Iron Throne Her betrothed, a squire who fought in the Blackwater Alyn Ambrose
7%
The Ironborn Giant of a man, now Lord of Southshield Andrik the Unsmiling
7%
Their Vassals and Bannermen Brother of the previous, with the host outside Winterfell Arthor
7%
Their Vassals and Bannermen His kennelmaster, an old man Ben Bones
7%
The Starks and their Household Guard, killed by the Hound in the arrest of #1 Cayn
7%
Slaver's Bay Her dog, trained to be ridden, killed after her escape Crunch
7%
The Lannisters Mountain's Man, takes the bull helm made by the King's bastard Dunsen
7%
Slaver's Bay Yunkish envoy who treats with the Dragon Queen's army Grazdan mo Eraz
7%
The Queen Across the Water Her cousin, a nobleman Grazdon zo Galare
7%
At the Wall and Beyond It Wildling leader, hates his brother, who has the same name Harle the Huntsman
7%
The Starks and their Household New guard, presumably slain during the Sack of Winterfell Hayhead
7%
The Starks and their Household Guard, slain alongside the first captain of the guard by the Lannisters Heward
7%
The Riverlands Her husband Husband
7%
The Starks and their Household Guard, imprisoned by the Lannisters and sent north with #1's bones, whereabouts unknown Jacks
7%
At the Wall and Beyond It Ranger and commander of the scouts on the Great Ranging, probably dead Jarman Buckwell
7%
Their Vassals and Bannermen His daughter, now Lady of Cerwyn, sworn fealty to the Iron Throne Jonelle Cerwyn
7%
The Queen Across the Water Ko to her husband, now a Khal Khal Jhaqo
7%
The Lannisters Lord of Deep Den, part of the host attacking Riverrun in 298-9 Lewys Lydden
7%
Baratheon Rebels His fellow guard, a king's man Lewys the Fishwife
7%
The Iron Throne Guard on duty the night of the Hand's murder by the Imp Lum
7%
Sellswords Sellsword serjeant with the Golden Company Lymond Pease
7%
Dorne His maester at the Water Gardens Maester Caleotte
7%
The Iron Throne Maester to the above family Maester Frenken
7%
At the Wall and Beyond It Ginger steward and ally of Jon, named after George R R Martin's cat Mully
7%
Dorne Daughter and heir of the Lord of the Tor, present with the Red Viper in King's Landing Myria Jordayne
7%
At the Wall and Beyond It His wolf he possesses upon his death, beaten by Bran's wolf beyond the wall One Eye
7%
The Ironborn Supporter of the Iron Captain, takes over the occupation of Moat Cailin, where he is horrifically injured and killed Ralf Kenning
7%
The Lannisters His eldest son, missing and presumed dead since the Red Wedding Raynald
7%
Dorne Heir to Godsgrace, present with the Red Viper in King's Landing and at the feast at Sunspear Ryon Allyrion
7%
The Iron Throne The Queen Regent's maid, dies screaming in the dungeons Senelle
7%
The Iron Throne Knight pledged to the Faith Militant, leader of the Warrior's Sons Ser Theodan the True
7%
At the Wall and Beyond It Ranger, an older man and good archer, killed by wildlings beyond the wall Squire Dalbridge
7%
At the Wall and Beyond It Spearwife, probably killed by the Boltons helping 'Arya' escape Winterfell Squirrel
7%
The Riverlands Orphan at the crossroads inn Tansy
7%
The Riverlands Propietor of the Stony Sept brothel Tansy
7%
The Riverlands Owner of a pack of dogs from Stony Sept, out for blood The Mad Huntsman
7%
At the Wall and Beyond It Widling woman he attempts to possess, killed by the Others Thistle
7%
The Queen Across the Water Her Queensguard's squire, from the Basilisk Isles Tumco Lho
7%
The Starks and their Household His daughter, captive at the Dreadfort Turnip
7%
The Riverlands The Lord's fourth daughter, one of those presented to the Young Wolf at the Red Wedding Tyta Frey
7%
The Iron Throne One of her attendants, a pregnant Lady Alyce Graceford
6%
The Starks and their Household His daughter, captive at the Dreadfort Bandy
6%
Sellswords Leader of the Company of the Cat Bloodbeard
6%
The Queen Across the Water Ko to her husband, killed by one of her bloodriders Cohollo
6%
The Ironborn His other grandson Dagon Ironmaker
6%
The Iron Throne Another of her girls Dancy
6%
Baratheon Rebels Knight at Castle Black, a queen's man, dances with the Princess Ser Brus Buckler
6%
The Iron Throne The Queen Regent's maid, successor to the previous Dorcas
6%
At the Wall and Beyond It Ranger, beheaded by wildlings beyond the wall Ebben
6%
The Riverlands The Lord's twenty-second son, a squire at Harrenhal betrothed to Arya Elmar Frey
6%
The Lannisters Able knight thought of by the Kingslayer as a good candidate for Hand Forley Prester
6%
The Iron Throne Another squire to the Kingslayer, a hostage Garrett Paege
6%
At the Wall and Beyond It Temporary commander of Eastwatch, one of those who arrested Jon Snow upon his return Glendon Hewett
6%
Slaver's Bay Slavemaster killed by the Dragon Queen after selling her his Unsullied Grazdan mo Ullhor
6%
Their Vassals and Bannermen One of the 'Bastard's Boys', had his tongue cut out on the orders of #1 Grunt
6%
The Iron Throne Bard accused of fornication with the queen, died in the dungeons Hamish the Harper
6%
The Lannisters His third son, known as 'Hardstone' Harwyn
6%
The Iron Throne His second son, now a squire Jothos
6%
The Lannisters Guard of the Imp, stabbed in the back in the Mountains of the Moon Jyck
6%
The Queen Across the Water Pit fighter killed defending the King Khrazz
6%
Baratheon Rebels Gaoler at Dragonstone Lamprey
6%
Their Vassals and Bannermen One of the 'Bastard's Boys', killed during a fight between the Freys and Manderlys at Winterfell Luton
6%
Dorne His maester at Sunspear Maester Myles
6%
The Vale Stoop-baked serving woman at the Eyrie Mela
6%
At the Wall and Beyond It His daughter, 'stolen' by the below Munda
6%
Dorne Lady of Ghost Hill, present at the feast at Sunspear Nymella Toland
6%
At the Wall and Beyond It One-handed Tyroshi ranger, mutinied beyond the wall, likely dead Ollo Lophand
6%
The Starks and their Household Guard, killed by the Lannisters Porther
6%
The Lannisters Lord, part of the funeral procession for the Lord of Casterly Rock Quenten Banefort
6%
The Queen Across the Water Her Queensguard's squire, a Lhazarene Red Lamb
6%
The Lannisters His youngest son and presumptive heir, now returning to the Crag Rollam
6%
At the Wall and Beyond It Ranger, accompanies Jon Snow to meet the wildlings beyond the Wall, has a horn Rory
6%
Slaver's Bay Captain of the Stormcrows, decapitated by the Dragon Queen's lover Sallor the Bald
6%
The Riverlands Her twin Sarra Frey
6%
The Iron Throne The Queen Regent's gaoler, short and sour Septa Scolera
6%
Their Vassals and Bannermen Chief gaoler of the Wolf's Den prison at White Harbor Ser Bartimus
6%
Baratheon Rebels Knight at Castle Black, a queen's man Ser Narbert Grandison
6%
At the Wall and Beyond It Old Ranger who urges retreat, kicked in the face by a riderless horse at the Fist of the First Men Ser Ottyn Wythers
6%
Baratheon Rebels Knight at Castle Black, a queen's man Ser Perkin Follard
6%
The Starks and their Household Her twin, captive at the Dreadfort Shyra
6%
Baratheon Rebels Lady of Haystack Hall, dies in 299 of unknown causes Shyra Errol
6%
The Ironborn His other grandson Thormor Ironmaker
6%
At the Wall and Beyond It Ranger, formed member of the Kingswood Brotherhood with many tales of glory Ulmer of the Kingswood
6%
The Ironborn His grandson Urek Ironmaker
6%
The Riverlands His second-in-command, currently on the run Urswyck the Faithful
6%
The Riverlands His daughter, one of those presented to the Young Wolf at the Red Wedding Alyx Frey
5%
At the Wall and Beyond It Ranger and scout, dies of an infected foot wound before the mutiny Bannen
5%
Sellswords Captain of the Golden Company's archers Black Balaq
5%
At the Wall and Beyond It Skinchanger who can possess boars Borroq
5%
The Iron Throne Maid to the Imp's wife, questioned for her role in their escape Brella
5%
Sellswords His right hand, slayer of Cleon the Great's dead body Caggo Corpsekiller
5%
The Starks and their Household His son, whereabouts unknown Calon
5%
Braavos His seal, nicknamed "King of the Seals" Casso
5%
The Riverlands His second son, tricked by the disguises of Arya and the Hound Donnel Haigh
5%
At the Wall and Beyond It His third son, killed by a knight during the battle at the wall Dormund
5%
At the Wall and Beyond It Ranger, accompanies Jon Snow to meet the wildlings beyond the Wall Fulk the Flea
5%
At the Wall and Beyond It Wildling raider, claims to be descended from a previous King Beyond the Wall Gerrick Kingsblood
5%
At the Wall and Beyond It Raider who leads a climbing party up the wall Grigg the Goat
5%
The Ironborn His elder sister, constantly arguing that she should control Ten Towers Gwynesse
5%
The Vale Young squire and ward at the Eyrie Gyles Grafton
5%
The Queen Across the Water Her husband's bloodrider, killed as her husband lies dying Haggo
5%
The Riverlands His son, participates in the Red Wedding Harys Haigh
5%
The Reach Lord of Oakenshield, his castle invaded by the Ironborn Humfrey Hewett
5%
The Riverlands Another Dothraki, killed by Arya's wolf during a wolf dream Iggo
5%
The Riverlands Old hedge-knight who travels briefly with the Maid of Tarth Illifer the Penniless
5%
The Iron Throne Smith tasked by the Imp with crafting a massive chain Ironbelly
5%
The Riverlands The Lord's eighth wife, currently with child Joyeuse Erenford
5%
At the Wall and Beyond It Criminal headed for the wall, a poacher, wounded at the God's Eye and dies later of infection Kurz
5%
The Riverlands Longbowman with the Brotherhood, killed fighting the Brave Companions Kyle
5%
The Riverlands The Lord's son-in-law to his eldest daughter, loses half an ear at the Red Wedding Leslyn Haigh
5%
The Riverlands Brotherhood man, stayed under the leadership of Lady Stoneheart Likely Luke
5%
At the Wall and Beyond It Ranger, accompanies Jon Snow on the journey to the weirwood grove Luke of Longtown
5%
The Riverlands Lord, friend of the Lord of Riverrun, was at the Red Wedding, Lymond Goodbrook
5%
The Riverlands Old done knight who once held Ser Maynard at the bridge Lymond Lychester
5%
The Vale Gossipy serving woman at the Eyrie Maddy
5%
The Riverlands Maester who tends to him Maester Roone
5%
The Queen Across the Water His bloodrider Maggo
5%
The Riverlands Her sister, thirteen with a shaved head, presented to the Young Wolf as a possible wife Marissa
5%
The Riverlands His third daughter, one of those presented to the Young Wolf, with a shaved head Marissa Frey
5%
The Riverlands Her mother, also widowed, at Castle Darry Mariya
5%
The Queen Across the Water Freed slave, commander of the Mother's Men, brother of the Naathi scribe Marselen
5%
At the Wall and Beyond It Ranger in the party that prevented Jon Snow from deserting Matthar
5%
Their Vassals and Bannermen Head of House Cerwyn, dies of his wounds at Harrenhal Medgar Cerwyn
5%
Oldtown Novice with a clubfoot Mollander
5%
The Queen Across the Water Freed slave, commander of the Stalwart Shields Free Company, dies from the bloody flux Mollono Yos Dob
5%
Dorne Servant at Sunspear caring for the heir when she is imprisoned; has a sister Morra
5%
The Iron Throne Envoy from the Iron Bank Noho Dimittis
5%
Their Vassals and Bannermen Hunter sent to lead Stannis' host to Winterfell, lost his nose to frostbite Noseless Ned Woods
5%
At the Wall and Beyond It Steward, well over seventy, killed during the attack on Castle Black Old Henly
5%
Their Vassals and Bannermen Head of House Locke, an old man in Winterfell to attend the wedding Ondrew Locke
5%
The Iron Throne Royal harper and bard Orland of Oldtown
5%
Baratheon Rebels Gaoler at Dragonstone Porridge
5%
Slaver's Bay Captain of the Stormcrows, decapitated by the Dragon Queen's lover Prendahl na Ghezn
5%
Dorne Seneschal at Sunspear Ricasso
5%
Oldtown Young novice, friend of the above four Roone
5%
The Iron Throne Master armorer who joins the Antler Men and is killed at the Blackwater Salloreon
5%
The Riverlands The Lord's sixteenth son, died of a wound received at the Red Wedding Ser Benfrey Frey
5%
The Riverlands The Lord's eighth son, a knight present at the Red Wedding Ser Danwell Frey
5%
The Riverlands His daughter, a pimply girl, one of those presented to the Young Wolf Serra Frey
5%
The Starks and their Household Guard, accompanies #2, then sent north with Ned Stark's bones, whereabouts unknown Shadd
5%
The Riverlands Innkeep at the Inn of the Kneeling Man Sharna
5%
The Starks and their Household New guard, presumably slain during the Sack of Winterfell Skittrick
5%
At the Wall and Beyond It His eldest son, a foot taller than his father Tall Toregg
5%
The Vale Young squire and ward at the Eyrie Terrance Lynderly
5%
Their Vassals and Bannermen Young turnkey in the Wolf's Den Therry
5%
The Ironborn His steward, extremely old Three-Tooth
5%
Dorne Lord of Salt Shore, present with the Red Viper in King's Landing and at the feast at Sunspear Tremond Gargalen
5%
Braavos Cook at the House of Black and White Umma
5%
The Lannisters Captain of Lannister guards in King's Landing, then at Casterly Rock Vylarr
5%
At the Wall and Beyond It Steward, one of the mutineers who kills Jon Snow Wick Whittlestick
5%
At the Wall and Beyond It Builder, fifty years old despite his name, dies defending Castle Black Young Henly
5%
The Ironborn Ironborn raider at Moat Cailin, short half an arm, killed by the Bastard Adrack Humble
4%
The Ironborn One of the King's champions at the kingsmoot Alyn Orkwood
4%
The Lannisters Lord captured after the Battle of Oxcross, since freed Antario Jast
4%
Oldtown Acolyte of four links, a friend of the above two Armen
4%
The Queen Across the Water Pit fighter killed by a boar in the pits, then eaten by a dragon Barsena Blackhair
4%
At the Wall and Beyond It Raider who complains about his boil, injured and captured during the attack on Castle Black Big Boil
4%
Sellswords Volantene swordsman, known for love of reading Books
4%
Braavos His eldest daughter Brea
4%
The Riverlands Brother and proctor on the Quiet Isle Brother Narbert
4%
The Vale Mule-handler at the Gates of the Moon Carrot
4%
The Iron Throne Singer from Tyrosh, competes in a singer's tourney at the Purple Wedding Collio Quaynis
4%
The Riverlands Big-bellied hedge knight who travels briefly with the Maid of Tarth Creighton Longborough
4%
The Ironborn One of her crewmen, one of the few survivors of the wolfswood, dies later from his wounds Cromm
4%
At the Wall and Beyond It Recruit headed for the wall, former stonemason, one of the survivors, abandoned Arya with all valuables Cutjack
4%
The Ironborn Her other distant cousin, also at Deepwoode Motte Dagon
4%
At the Wall and Beyond It Steward, finds the girl when searching the kingsroad for wildlings, offers her a sausage Dannel
4%
Braavos His youngest son Denyo
4%
At the Wall and Beyond It Criminal headed for the wall, killed by a dagger in the belly in the attack at the God's Eye Dobber
4%
The Ironborn One of the King's champions at the kingsmoot Donnor Saltcliffe
4%
At the Wall and Beyond It His fourth son, about ten, short and chunky Dryn
4%
The Lannisters His second daughter, now returning to the Crag Eleyna
4%
At the Wall and Beyond It His twin, becomes a ranger Emrick
4%
At the Wall and Beyond It Another such wife Ferny
4%
At the Wall and Beyond It Spearwife, probably killed by the Boltons helping 'Arya' escape Winterfell Frenya
4%
At the Wall and Beyond It Ranger who survives the Great Ranging and the mutiny but is killed by the Weeper Garth Greyfeather
4%
The Vale Old serving woman at the Eyrie Gretchel
4%
Sellswords Drunken armorer of the Second Sons Hammer
4%
At the Wall and Beyond It Wildling leader, hates his brother, who has the same name Harle the Handsome
4%
The Riverlands Camp follower found abed with the previous Hildy
4%
At the Wall and Beyond It Recruit with a club foot, not very skilled Hop-Robin
4%
At the Wall and Beyond It Steward, recruit alongside Jon Snow Jeren
4%
Sellswords Commander of the archers of the Stormcrows Jokin
4%
At the Wall and Beyond It Builder, defends the wall from wildlings and is saved by Jon Snow Kegs
4%
Sellswords Young sellsword from Flea Bottom Kem
4%
The Queen Across the Water His son, briefly Khal before also being slain Khal Fogo
4%
Baratheon Rebels The captain of Shayala's Dance, rescues the King's future Hand Khorane Sathmantes
4%
At the Wall and Beyond It Criminal headed for the wall, a poacher, killed at the God's Eye despite yielding Koss
4%
The Riverlands Old white-haired lady who lives in a village in the trees Lady of the Leaves
4%
At the Wall and Beyond It Raider, dies during the attack on Castle Black Lenn
4%
Sellswords Sellsword with the Golden Company, an escaped slave Marq Mandrake
4%
The Ironborn Lord of Pebbleton, supporter of the king's daughter at the kingsmoot Meldred Merlyn
4%
The Riverlands Brotherhood man, left after the Lightning Lord's death Merrit o' Moontown
4%
At the Wall and Beyond It Wildling leader, wears a weiwood mask, given Queensgate Morna Whitemask
4%
The Lannisters Servant of the Imp, died of a festering wound in the Mountains of the Moon Morrec
4%
The Riverlands Brotherhood man, stayed under the leadership of Lady Stoneheart Mudge
4%
Sellswords Apprentice of the former Nail
4%
The Riverlands Longbowman with the Brotherhood with thin grey hair Notch
4%
Dorne Her son, present with the Red Viper in King's Landing Perros
4%
The Ironborn Ironborn raider and supporter of the king at the kingsmoot Pinchface Jon Myre
4%
The Ironborn The King's daughter's cousin, killed in the wolfswood by a mountain clansman Quenton
4%
At the Wall and Beyond It Spearwife amongst those who capture Jon Snow Ragwyle
4%
The Ironborn One of the Iron Captain's champions, missing with a third of his fleet after storms Ralf Stonehouse
4%
Baratheon Rebels His cousin, Lord of Bronzgate, attended the Purple Wedding Ralph Buckler
4%
Braavos Cutpurse who teaches Arya how to use a finger knife Red Roggo
4%
At the Wall and Beyond It Old recruit headed for the wall, probably killed in the attack at the God's Eye Reysen
4%
At the Wall and Beyond It Steward, conspires with his cousins beyond the wall, then mutinies, breaks his neck falling from a loft Rolley of Sisterton
4%
At the Wall and Beyond It Leader of the Rangers after the previous' death, likely slain during the mutiny Ronnel Harclay
4%
At the Wall and Beyond It Steward and conspirator beyond the wall, earned his name for his snoring Sawwood
4%
Baratheon Rebels Knight at Castle Black, a queen's man Ser Benethon Scales
4%
The Vale Hedge knight in service to the Lord Protector, young and elegant Ser Byron the Beautiful
4%
Baratheon Rebels Knight in service to King Renly Ser Colen of Greenpools
4%
The Iron Throne Hedge knight in King's Landing Ser Dermot of the Rainwood
4%
Baratheon Rebels Knight at Castle Black, a queen's man Ser Dorden the Dour
4%
Baratheon Rebels His fellow guard, a knight and king's man Ser Gerald Gower
4%
The Lannisters Knight with the Kingslayer at Riverrun and Raventree Ser Kennos of Kayce
4%
The Iron Throne Knight with a cosmetic eyepatch, accused of fornication with the queen Ser Lambert Turnberry
4%
The Riverlands The Lord's fourteenth son, passes out drinking at the Red Wedding Ser Whalen Frey
4%
The Riverlands The Lord's seventh daughter, one of those presented to the Young Wolf at the Red Wedding Shirei Frey
4%
At the Wall and Beyond It One-legged builder who helps defend the wall against wildlings Spare Boot
4%
At the Wall and Beyond It His other wolf, the youngest of the pack Stalker
4%
Baratheon Rebels Lord in the Reach, supports Renly and then Stannis, captured during the Battle of the Blackwater Steffon Varner
4%
The Ironborn Crewman of the Prince of Winterfell, abandons him before the Sack Stygg
4%
The Queen Across the Water Freed slave, commander of the Free Brothers Symon Stripeback
4%
Braavos His youngest daughter Talea
4%
At the Wall and Beyond It Orphan headed for the wall, survived the attack at the God's Eye, abandoned Arya with all valuables Tarber
4%
Braavos Merchant captain of the Titan's Daughter Ternesio Terys
4%
Sellswords Second-in-command of the Stormcrows The Widower
4%
The Riverlands Sellsword currently on the run Three-Toes
4%
At the Wall and Beyond It Recruit headed for the wall, killed by a spear in the attack at the God's Eye Woth
4%
Braavos His eldest son Yorko
4%
The Lannisters Knight currently at the Red Keep Alyn Stackspear
3%
Sellswords Myrish crossbowman with the Windblown Beans
3%
The Queen Across the Water Pit fighter, uses a flail Belaquo Bonebreaker
3%
Dorne Servant at Sunspear caring for the heir when she is imprisoned; old and stiff Bellandra
3%
The Riverlands Old blacksmith, one of the few Whent employees who are still alive at Harrenhal Ben Blackthumb
3%
At the Wall and Beyond It Ranger, one of the few who survived the mutiny and made it back to the Wall Black Bernarr
3%
At the Wall and Beyond It Wildling leader, volunteers for Jon Snow's march on Winterfell Blind Doss
3%
The Ironborn Ironborn captain in Pyke Bluetooth
3%
At the Wall and Beyond It Young raider, injured during Jon Snow's escape Bodger
3%
Dorne Servant at Sunspear caring for the heir when she is imprisoned; shaves irregularly Bors
3%
Sellswords Sellsword serjeant with the Golden Company Brendel Byrne
3%
The Riverlands Brother on the Quiet Isle who looks after the animals Brother Gillam
3%
At the Wall and Beyond It Ranger with some herblore knowledge, killed at the Fist of the First Men Brown Bernarr
3%
The Ironborn Ironborn raider and crewman of the Iron Victory, knocks out four of the Maester's teeth Burton Humble
3%
The Queen Across the Water Pit fighter, sits on the ruling council of Meereen Camarron of the Count
3%
Dorne Servant at Sunspear caring for the heir when she is imprisoned; manipulated by the heir Cedra
3%
The Ironborn One of the king's crewmen, died after blowing the dragonbinder horn Cragorn
3%
At the Wall and Beyond It Steward, recruit alongside Jon Snow Cugen
3%
The Ironborn Ironborn raider at Moat Cailin, who yields to no man, killed by the previous Dagon Codd
3%
The Riverlands Longbowman with the Brotherhood Dennet
3%
At the Wall and Beyond It Wildling leader, offers Jon Snow a sealskin hat Devyn Sealskinner
3%
Sellswords Westerosi sellsword with the Windblown Dick Straw
3%
At the Wall and Beyond It His wife, one who arranges for the previous two to escape Dyah
3%
At the Wall and Beyond It Steward, killed by a Thenn defending Castle Black Easy
3%
The Ironborn One of the boys drowned by the Greyjoy priest Emmond
3%
At the Wall and Beyond It Raider who leads a climbing party up the wall Errok
3%
Slaver's Bay Yunkish commander and nobleman, short and buck-toothed Faezhar zo Faez
3%
The Queen Across the Water Pit fighter Fearless Ithoke
3%
The Ironborn One of her crewmen, one of the few survivors of the wolfswood, captured by Stannis Fingers
3%
At the Wall and Beyond It Ranger and scout, survives the Fist of the First Men but is left delirious, probably dead Fornio
3%
At the Wall and Beyond It Ranger, accompanies Jon Snow to meet the wildlings beyond the Wall Garrett Greenspear
3%
At the Wall and Beyond It Wildling leader Gavin the Trader
3%
At the Wall and Beyond It Criminal headed for the wall, severely wounded at the God's Eye, probably dead Gerren
3%
At the Wall and Beyond It Ranger and scout, one of the few who survived the mutiny and made it back to the Wall Goady
3%
The Queen Across the Water Massive pit fighter, sits on the ruling council of Meereen Goghor the Giant
3%
Slaver's Bay Yunkish commander and nobleman, killed by a mercenary leader Gorzhak zo Eraz
3%
At the Wall and Beyond It Wildling leader from the Frozen Shore Great Walrus
3%
The Ironborn One of her crewmen, one of the few survivors of the wolfswood, captured by Stannis Grimtongue
3%
Sellswords Leader of the Long Lances Gylo Rhegan
3%
At the Wall and Beyond It Her brother Halleck
3%
The Ironborn Steward of Pyke Helya
3%
At the Wall and Beyond It Wildling leader, bit of a loner Howd Wanderer
3%
Sellswords Serjeant and former paymaster, fined three fingers for stealing Hugh Hungerford
3%
Sellswords Sellsword serjeant with the Golden Company Jon Lothston
3%
Braavos One of the mummers Joss the Gloom
3%
Dorne Her daughter, present with the Red Viper in King's Landing Jynessa
3%
Sellswords Second-in-command of the Second Sons Kasporio
3%
At the Wall and Beyond It One-eyed ranger, one of the few who survived the mutiny and made it back to the Wall Kedge Whiteye
3%
The Queen Across the Water Her Queensguard's squire, skilled with a whip Larraq
3%
The Ironborn Supporter of the Iron Captain, a fiddler Lenwood Tawney
3%
At the Wall and Beyond It Raider amongs those who capture Jon Snow Lenyl
3%
Oldtown Old acolyte in service to the Seneschal of the Citadel Lorcas
3%
The Ironborn One of her crewmen, broken his leg in the wolfswood, possibly dead Lorren Longaxe
3%
The Riverlands Maester at the Twins Maester Brenett
3%
The Riverlands New maester at Harrenhal Maester Gulian
3%
The Ironborn Maester given to the Iron Captain as a gift, killed and thrown into the sea Maester Kerwin
3%
The Riverlands Maester at Castle Darry Maester Ottomore
3%
At the Wall and Beyond It Steward, slain by a wight at the Fist of the First Men Maslyn
3%
Dorne Servant at Sunspear caring for the heir when she is imprisoned; sister of the above Mellei
3%
The Lannisters His third son, amongst the nobles who welcomed the Red Viper to King's Landing Merlon
3%
Slaver's Bay One of his slave soldiers Morgo
3%
At the Wall and Beyond It Member of Yoren's band, probably dead Murch
3%
Sellswords Pentoshi sellsword with the Windblown Myrio Myrakis
3%
At the Wall and Beyond It Spearwife, probably killed by the Boltons helping 'Arya' escape Winterfell Myrtle
3%
At the Wall and Beyond It Another such wife Nella
3%
Braavos Bravo who confronts a Night's Watchman outside the Cattery Orbelo
3%
The Vale Mule-handler at the Gates of the Moon Ossy
3%
Slaver's Bay Yunkish commander and nobleman, five feet tall Paezhar zo Myraq
3%
At the Wall and Beyond It Recruit headed for the wall, a sellsword who dies of a persistent cough Praed
3%
Braavos Playwright working with the mummers Quill
3%
At the Wall and Beyond It Fourteen-year-old raider, killed during the battle at Castle Black Quort
3%
At the Wall and Beyond It Recruit headed for the wall, killed by a knight in the attack at the God's Eye despite pleading for mercy Qyle
3%
The Lannisters Lord, part of the funeral procession for the Lord of Casterly Rock Robin Moreland
3%
The Ironborn One of her crewmen, one of the few survivors of the wolfswood, captured by Stannis Roggon Rustbeard
3%
The Ironborn One of her crewmen, a head taller than all the others, possibly dead after the wolfswood Rolfe the Dwarf
3%
The Queen Across the Water Spokesperson for the Dothraki, an old man Rommo
3%
The Ironborn One of her crewmen, one of the few survivors of the wolfswood, captured by Stannis Rook
3%
At the Wall and Beyond It Ranger, killed by the Others in the Great Ranging Ryles
3%
Slaver's Bay One of his slave serjeants Scar
3%
Baratheon Rebels Knight with the host marching on Winterfell, proponent of attack Ser Humfrey Clifton
3%
Baratheon Rebels Knight at Castle Black, a queen's man Ser Lambert Whitewater
3%
Baratheon Rebels Lecherous knight at Castle Black, a queen's man Ser Malegorn of Redpool
3%
The Iron Throne Famed knight, formerly a rebel Ser Timon Scrapesword
3%
The Ironborn Ironborn sailor in Pyke Skyte
3%
Sellswords One-handed serjeant with the Second Sons Snatch
3%
At the Wall and Beyond It Ranger on the Great Ranging, part of the conspiracy to kill the Lord Commander, now dead Softfoot
3%
The Queen Across the Water Pit fighter arrested by the Brazen Beasts Steelskin
3%
The Ironborn Ironborn raider and crewman of the Iron Victory, has a stutter Steffar Stammerer
3%
At the Wall and Beyond It Raider, dies during the attack on Castle Black Stone Thumbs
3%
Braavos Dockside entertainer and cutpurse Tagganaro
3%
Braavos Bravo who confronts a Night's Watchman outside the Cattery Terro
3%
Dorne Servant at Sunspear caring for the heir when she is imprisoned; very dignified Timoth
3%
The Ironborn Crewman of the Prince of Winterfell, shot in the belly for drinking and fighting Todric
3%
Sellswords Paymaster of the Second Sons Tybero Istarion
3%
At the Wall and Beyond It Member of Yoren's band, probably dead Urreg
3%
The Riverlands Brotherhood man, left after the Lightning Lord's death Watty the Miller
3%
The Ironborn Ironborn raider and crewman of the Iron Victory Wulfe One-Ear
3%
Braavos His first mate Xondho Dhoru
3%
At the Wall and Beyond It Wildling leader with eighteen wives and many sons and grandsons Ygon Oldfather
3%
Slaver's Bay Supreme commander of the Yunkish armies, a bent-backed old man, dies fleeing the dragon in the Fighting Pits Yurkhaz zo Yunzak
3%
The Ironborn Supporter of the Iron Captain, a captain himself Alvyn Sharp
2%
At the Wall and Beyond It Wildling leader, taciturn and black-haired Brogg
2%
Slaver's Bay Yunkish commander and nobleman, leads the "Clankers", chained slaves Chezdhar zo Rhaezn
2%
The Queen Across the Water The Dragon Queen's ward Draqaz
2%
The Ironborn Supporter of the Iron Captain, a captain himself Fralegg the Strong
2%
Slaver's Bay Yunkish commander and nobleman, very fat Ghazdor zo Ahlaq
2%
Slaver's Bay His brother, also leads the Clankers Grazdhan zo Rhaezn
2%
The Queen Across the Water The Dragon Queen's ward Jezhene
2%
Slaver's Bay His brother, also leads the Clankers Maezon zo Rhaezn
2%
The Ironborn Supporter of the Iron Captain, now Lord of Greenshield Maron Volmarr
2%
The Queen Across the Water The Dragon Queen's ward Miklaz
2%
The Ironborn Drowned man who helps to resuscitate him Norjen
2%
The Ironborn Ironborn raider and crewman of the Iron Victory, an ally of the King Quellon Humble
2%
The Ironborn Supporter of the Iron Captain, a captain himself Romny Weaver
2%
The Ironborn Ironborn raider and crewman of the Iron Victory, sews new clothes for the red priest Tim Tidewood
2%
At the Wall and Beyond It Ranger, lead scout on the journey to the weirwood grove Tom Barleycorn
2%
At the Wall and Beyond It Ranger and scout, a good archer, probably dead Tumberjon
2%
The Ironborn Crewman of the Prince of Winterfell, abandons him before the Sack Urzen
2%
The Ironborn Supporter of the Iron Captain, has to eat his boot after losing a bet Will Humble
2%
The Queen Across the Water The Dragon Queen's ward Azzak zo Ghazeen
1%
At the Wall and Beyond It Ranger, mutinied beyond the wall, fate unknown Grubbs
1%
At the Wall and Beyond It Ranger, mutinied beyond the wall, fate unknown Mawney
1%
The Queen Across the Water The Dragon Queen's ward Mezzara Mereq
1%
Slaver's Bay Yunkish commander and nobleman, constantly drunk Morghaz zo Zherzyn
1%
At the Wall and Beyond It Steward, helps defend Castle Black from the wildlings Tim Tangletongue
1%
The Ironborn Crewman of the Prince of Winterfell, fate unknown Cadwyl
0%
The Queen Across the Water The Dragon Queen's ward Dhazzar
0%
No matching quizzes found
Score Distribution
Percent of People with Each Score
Percentile by Number Answered
Your Score History
You have not taken this quiz